2006 yılı merkezi yönetim kesin hesap kanunu tasarısı (Record no. 3072)

MARC details
000 -BAŞLIK
Sabit Uzunlukta Kontrol Alanı 00847na a2200229 4500
001 - KONTROL NUMARASI
Denetim Alanı 21887
003 - KONTROL NUMARASI IDENTIFIER
Denetim Alanı MIRAKIL
005 - SON İŞLEM TARİHİ VE ZAMANI
Denetim Alanı 20181213154919.0
008 - SABİT-BOY VERİ ELEMANLARI - GENEL BİLGİLER
Sabit Uzunlukta Kontrol Alanı 170208b tu 000 0
040 ## - KATALOGLAMA KAYNAK
Orijinal Kataloglama Ajansı Milas
Kataloglama Dili tur
Metne Dönüştürmek Ajansı TR-AnCHP
041 ## - DİL KODU
Metin / Ses Parça Veya Ayrı Başlığın Dil Kodu tur
082 ## - DEWEY ONLU SINIFLANDIRMA NUMARASI
Sınıflandırma Numarası 351.7223
Ürün Numarası İ45 2006
090 ## - SINIFLAMA NUMARASI
Sınıflama Numarası 351.7223 İ45 2006
245 ## - BAŞLIK TABLOSU
Başlık 2006 yılı merkezi yönetim kesin hesap kanunu tasarısı
260 ## - YAYIN, DAĞITIM, VB
Yayın, Dağıtım, Vb Yeri Ankara
Yayıncı, Dağıtıcı, Vs Adı [yayl. y.]
Yayın, Dağıtım, Vb Tarihi 2007
300 ## - FİZİKSEL TANIM
Kapsam 2 c. ; 488 s.
Diğer Fiziksel Ayrıntıları tbl.
Boyutlar 16 sm.
500 ## - GENEL NOT
Genel Not Plan ve Bütçe Komisyonunca kabul edilen metne ekli cetveller ( Gider ve Gelir cetvelleri)
505 ## - BİÇİMLENDİRİLDİ İÇİNDEKİLER NOT
Biçimlendirilmiş İçeriği Dikkat Genel bütçeli idareler, özel bütçeli idareler, Düzenleyici ve denetleyici kurumlar
650 ## - KONU KATMA GİRİŞ - TOPİKAL DÖNEM
Topikal Süreli Veya Coğrafi Ad Giriş Elemanı Genel Bütçeli İdareler
Genel Alt Bölümü Bütçe Kanun Tasarısı
Kronolojik Alt Bölümü 2006
650 ## - KONU KATMA GİRİŞ - TOPİKAL DÖNEM
Topikal Süreli Veya Coğrafi Ad Giriş Elemanı Özel bütçeli idareler
Genel Alt Bölümü Bütçe Kanun Tasarısı
Kronolojik Alt Bölümü 2006
942 ## - EKLENDİ GİRİŞ ELEMANLARI (KOHA)
Sınıflandırma Veya Raf Düzeni Kaynak Dewey Decimal Classification
Koha Öğesi Türü Books
999 ## - SİSTEM KONTROL NUMARALARI (KOHA)
Koha Biblionumber 3072
Koha Biblioitemnumber 3072
Holdings
Kalıcı Konum Mevcut Konum Edinme Tarihi Edinim Kaynak Toplam Check-Out'Lar Tam Çağrı Numarası Barkod Tarih Son Görülme İtibaren Geçerli Fiyatlar Koha Öğesi Türü
CHP Kütüphanesi CHP Kütüphanesi 02/08/2017 Bağış   351.7223 İ45 2006 012341 02/08/2017 02/08/2017 Books